Statistiques concernant Chanteurs/Rappeurs par image (français)

Cliquez ici pour prendre le quiz!

Statistiques générales

  • Ce quiz a été pris 973 fois
  • Le résultat moyen est 21 sur 28

Statistiques - réponses

Réponse% Correct
Jul
100%
Aya Nakamura
96%
Maitre Gims
95%
Angele
94%
Dadju
94%
SCH
93%
Stromae
93%
Damso
92%
Amel Bent
89%
Ninho
88%
Koba la d
85%
Niska
84%
Naza
83%
Nekfeu
82%
Marwa Loud
78%
Lartiste
75%
Shay
74%
Tiakola
67%
Maes
66%
Imen Es
64%
Romeo Elvis
64%
Hoshi
63%
Alonzo
54%
MHD
50%
Nej'
50%
Fresh
44%
Ronisia
35%
Crystal
30%

Distribution des résultats

Percentile par nombre de réponses

% des personnes avec chaque résultat

Votre développement - résultats

Vous n’avez pas pris ce quiz